000 02351cam a2200169 4500500
005 20260111142226.0
041 _afre
042 _adc
100 1 0 _aMoureau, François
_eauthor
245 0 0 _aClaude-François-Adrien de Lezay-Marnézia, Lettres écrites des rives de l’Ohio, éd. Benjamin Hoffmann, Paris, Classiques Garnier, coll. « Bibliothèque du 18e siècle. série Americana », 2019, 299 p.
260 _c2020.
500 _a47
520 _aL’objet de cet article est de présenter et d’analyser la critique de Mandeville par Castel de Saint-Pierre dans son opuscule intitulé Contre l’opinion de Mandeville que toutes les passions sont injustes et que les passions injustes sont néanmoins plus utiles que nuisibles à l’augmentation des richesses et au bonheur de la société, parce qu’il n’y a que les passions injustes qui excitent les hommes au travail. L’originalité de cette critique tient au fait qu’elle est fondée sur une morale utilitariste et que Castel de Saint-Pierre distingue donc trois formes de passions et d’amour-propre, dont une forme vertueuse, en fonction de leurs conséquences sur l’utilité publique. Nous verrons en outre qu’au-delà de Mandeville, ce sont les augustiniens, et en particulier Pascal et La Rochefoucauld, que Saint-Pierre vise par sa critique.
520 _aThe aim of this article is to present and analyse Castel de Saint Pierre’s critique of Mandeville in his pamphlet entitled Contre l’opinion de Mandeville que toutes les passions sont injustes et que les passions injustes sont néanmoins plus utiles que nuisibles à l’augmentation des richesses et au bonheur de la société, parce qu’il n’y a que les passions injustes qui excitent les hommes au travail. The critique is all the more original as it is based on utilitarian ethics and as Castel de Saint Pierre distinguishes three distinct forms of passion and self-love (inluding one that is virtuous), according to their their consequences for public utility. What will be shown is that beyond Mandeville, his criticism targeted he Augustinians and in particular Pascal and La Rochefoucauld.
786 0 _nDix-huitième siècle | 52 | 1 | 2020-10-01 | p. XIII-XIII | 0070-6760
856 4 1 _uhttps://shs.cairn.info/revue-dix-huitieme-siecle-2020-1-page-XIII?lang=fr&redirect-ssocas=7080
999 _c1635782
_d1635782